000 00469nam a2200181Ia 4500
001 22300
005 20260414150822.0
008 260414t9999||||xx |||||||||||||| ||spa||
041 _aESP
082 _a621.313
_bB73
100 _aBonnafous, E.
_eAUT
245 0 _aMotores eléctricos :
_btecnología - instalación - reparaciones - rebobinado
260 _c0
300 _a332 páginas :
_c22 cm.
650 _aTCA
654 _aCET
942 _cLIB
_dJUS
_fJUS
_2ddc
_n
999 _c22300
_d22300